Shawcross and beaumont on air law (Record no. 425131)

000 -LEADER
fixed length control field 00459cam a22001457a 4500
008 - FIXED-LENGTH DATA ELEMENTS--GENERAL INFORMATION
fixed length control field 180718b1951 xxu||||| |||| 00| 0 eng d
082 ## - DEWEY DECIMAL CLASSIFICATION NUMBER
Classification number D226 Sh28
100 ## - MAIN ENTRY--PERSONAL NAME
Personal name Shawcross, Christopher N.
245 ## - TITLE STATEMENT
Title Shawcross and beaumont on air law
Statement of responsibility, etc. by Christopher N. Shawcross
250 ## - EDITION STATEMENT
Edition statement 2nd ed.
260 ## - PUBLICATION, DISTRIBUTION, ETC.
Place of publication, distribution, etc. London
Name of publisher, distributor, etc. Butterworth
Date of publication, distribution, etc. 1951
300 ## - PHYSICAL DESCRIPTION
Extent v.p.
650 ## - SUBJECT ADDED ENTRY--TOPICAL TERM
Topical term or geographic name entry element Aeronautics --Law and legislation
650 ## - SUBJECT ADDED ENTRY--TOPICAL TERM
Topical term or geographic name entry element Aeronautics --Law and legislation --Great Britain
Holdings
Withdrawn status Lost status Damaged status Not for loan Permanent Location Current Location Date acquired Full call number Barcode Date last seen Price effective from Koha item type
        Indian Institute of Public Administration Indian Institute of Public Administration 2009-10-06 D226 Sh28 supp./55 4132 2018-07-21 2018-07-21 Book
        Indian Institute of Public Administration Indian Institute of Public Administration 2009-10-06 D226 Sh28 4131 2018-07-21 2018-07-21 Book

Powered by Koha